000 00634nam a2200217 4500
001 VA62620
003 ES-SlBCS
005 20210601161137.0
008 140520s1969 xxu||||| |||| 00| 0 spa d
017 _aM-21956-1969
041 _aspa
100 1 _aAbiven, Mauricio
_9398436
245 1 0 _aLa vida en común
_b:Afectividad, sexualidad, amor
_cMauricio Abiven; Genoveva Abiven, Eloy Requena
260 _aMadrid :
_bStudium
_c, 1969
300 _a96 p.;
_c19 cm
500 _aTít. orig.: Vivre a deux
650 0 4 _aVida de Pareja
_9377027
700 1 _aAbiven, Genoveva
_9398437
700 1 _aRequena, Eloy
_994473
942 _cBK
999 _c838278
_d838278